[Event "Mechanics' Leighton Allen TNM; G/2"]
[Site "San Francisco"]
[Date "2015.08.10"]
[Round "2.9"]
[White "Newey, Richard H"]
[Black "Pfefer, Jonathan"]
[Result "0-1"]
[WhiteElo "1856"]
[BlackElo "2131"]
[PlyCount "76"]
[EventDate "2015.??.??"]

1. e4 c6 2. c4 e6 3. Nf3 d5 4. cxd5 cxd5 5. Bb5+ Bd7 6. Bxd7+ Qxd7 7. e5 Nc6 8.
O-O Rc8 9. a3 Qc7 10. d4 Qb6 11. Nc3 Nge7 12. Qd3 Ng6 13. Bd2 Na5 14. Na4 Qb3
15. Qxb3 Nxb3 16. Rad1 Rc4 17. Nc3 Nxd4 18. Nxd4 Rxd4 19. f4 Bc5 20. Kh1 Rd3
21. g3 O-O 22. Na4 b6 23. Bc3 Rxd1 24. Rxd1 Rc8 25. Bd4 Bxd4 26. Rxd4 Rc1+ 27.
Kg2 Rc2+ 28. Kh3 b5 29. Nc3 Rxb2 30. a4 a6 31. axb5 axb5 32. Nd1 Rb3 33. Kg4
Ne7 34. Rd2 g6 35. Rc2 Nf5 36. Kg5 Kg7 37. Nf2 h6+ 38. Kg4 Ne3+ 0-1

[Event "Mechanics' Leighton Allen TNM; G/2"]
[Site "San Francisco"]
[Date "2015.08.25"]
[Round "4.24"]
[White "Newey, Richard H"]
[Black "Robertson, Guy R"]
[Result "1-0"]
[WhiteElo "1856"]
[BlackElo "1480"]
[Annotator "Donaldson"]
[PlyCount "111"]
[EventDate "2015.??.??"]

1. e4 c5 2. Nf3 d6 3. Bc4 a6 4. a4 Nc6 5. O-O Nf6 6. Re1 Bg4 7. d3 Nd4 (7...
Ne5 8. Nxe5 dxe5 9. f3 Bd7) 8. Nbd2 e6 9. c3 Nxf3+ 10. Nxf3 Be7 11. Bf4 e5 12.
Bg5 O-O 13. Bh4 Qc7 14. a5 Rad8 15. Bxf6 Bxf6 16. h3 Bh5 17. g4 Bg6 18. Nd2 h6
19. Bd5 (19. Nf1 Bg5) 19... Bg5 20. Nf1 Bf4 21. Ne3 Kh7 22. Qf3 f6 23. Ng2 Bf7
24. Nxf4 exf4 25. Bxf7 Qxf7 26. Qxf4 Qg6 27. Qf5 Rfe8 28. Re3 Qxf5 29. exf5
Rxe3 30. fxe3 d5 31. Rd1 d4 32. Kf2 dxe3+ 33. Kxe3 Re8+ 34. Kd2 Re7 35. Re1 Rd7
36. Kc2 g6 37. Re6 Kg7 38. d4 cxd4 39. cxd4 gxf5 40. gxf5 Kf7 41. Rb6 Rd5 42.
Rxb7+ Ke8 43. Rb6 Rxf5 44. Rxa6 Rf2+ 45. Kc3 Kd7 46. h4 Rh2 47. Rxf6 Rxh4 48.
Rf7+ Kc6 49. Kc4 h5 50. Rf6+ Kb7 51. Rh6 Rh1 52. b4 h4 53. d5 h3 54. Kb5 Rd1
55. Rh7+ Ka8 56. Kb6 1-0

[Event "Mechanics' Fall TNM; G/2"]
[Site "San Francisco"]
[Date "2015.11.24"]
[Round "6.23"]
[White "Newey, Richard H"]
[Black "Sachs-Weintraub, J."]
[Result "1-0"]
[WhiteElo "1855"]
[BlackElo "1321"]
[Annotator "Donaldson"]
[PlyCount "53"]
[EventDate "2015.??.??"]

1. e4 e5 2. Nf3 Nc6 3. Bc4 Nf6 4. Ng5 d5 5. exd5 Nxd5 6. Nxf7 {
Introducing the Fegatello (Fried Liver) Attack. Getting theory's nod is} (6. d4
exd4 7. O-O {while the club special}) (6. Qf3 {leads to unclear play after}
Qxg5 7. Bxd5 Nd4 8. Qxf7+ Kd8 9. O-O Nxc2 10. Be4 Nxa1 11. d4 Qe7 12. Qh5 g6 (
12... Qe8 13. Qg5+ Qe7 $11) 13. Bxg6 hxg6 14. Qxh8 Qg7) 6... Kxf7 7. Qf3+ Ke6
8. Nc3 Ncb4 9. Kd1 $5 (9. Qe4 c6 10. a3 Na6 11. d4 Qd6 12. Bf4 {
is one main line that favors White.}) 9... c6 10. a3 Na6 (10... Qh4 $5) 11. Re1
g6 12. d4 Bg7 13. Ne4 $6 (13. Bh6 Bxh6 (13... Rf8 14. Qe4 Bxh6 15. Qxe5+ Kd7
16. Nxd5 Qg5) 14. Rxe5+) 13... Rf8 14. Qh3+ Kf7 15. Qg3 Be6 (15... Kg8 $1) 16.
Ng5+ Ke7 17. Nxh7 Nf4 18. Bd3 Rh8 (18... Qxd4) 19. Bxf4 $1 exf4 20. Qxg6 Qg8
21. Ng5 Nc7 22. Nxe6 Nxe6 23. Bc4 Rh6 24. Rxe6+ Kf8 (24... Qxe6 25. Qxg7+) 25.
Qf5+ Qf7 26. Re8+ Rxe8 27. Qxf7# 1-0

[Event "Mechanics' Leighton Allen TNM; G/2"]
[Site "San Francisco"]
[Date "2015.09.22"]
[Round "8.13"]
[White "Newey, Richard H"]
[Black "Sherwood, Peter"]
[Result "1-0"]
[WhiteElo "1856"]
[BlackElo "1633"]
[PlyCount "59"]
[EventDate "2015.??.??"]

1. e4 c5 2. Nf3 d6 3. d4 cxd4 4. Nxd4 Nf6 5. Nc3 a6 6. Be2 e5 7. Nb3 Be7 8. a4
O-O 9. Be3 Nbd7 10. O-O b6 11. f4 Bb7 12. Bf3 exf4 13. Bxf4 Ne5 14. Qd4 Qc7 15.
Nd2 Rac8 16. Be3 Ned7 17. Rfc1 Rfe8 18. Qd3 Ne5 19. Qe2 Red8 20. Nd5 Nxd5 21.
exd5 Bf6 22. c4 Nxf3+ 23. Nxf3 Re8 24. Qf2 Rxe3 25. Qxe3 Bxb2 26. Re1 f6 27.
Qe6+ Kf8 28. Rab1 Be5 29. Nxe5 fxe5 30. Rf1+ 1-0

[Event "Mechanics' Fall TNM; G/2"]
[Site "San Francisco"]
[Date "2015.12.08"]
[Round "8.15"]
[White "Newey, Richard H"]
[Black "Starr, Albert Mart"]
[Result "1-0"]
[WhiteElo "1855"]
[BlackElo "1500"]
[Annotator "Donaldson"]
[PlyCount "79"]
[EventDate "2015.??.??"]

1. e4 e5 2. Nf3 Nf6 3. Nc3 Bb4 4. Bd3 d6 5. h3 Nbd7 6. Qe2 Nc5 7. a3 Bxc3 8.
bxc3 Nxd3+ 9. cxd3 O-O 10. d4 $2 exd4 11. d3 dxc3 12. Qc2 Re8 13. O-O b6 14.
Qxc3 h6 15. Nd4 Bb7 (15... c5 $1) 16. Bb2 c5 17. Nf5 d5 $1 18. f3 d4 19. Qe1
Kh7 (19... Bc8 $1 20. Ng3 Nd5) 20. Bc1 Ng8 21. Qg3 g6 22. Nh4 Qb8 23. f4 Nf6
24. Qf2 Qd8 25. Nf3 Qe7 26. Qh4 Kg7 (26... Nxe4 $1 27. Qxe7 Rxe7 28. dxe4 Rxe4
29. Kf2 Rae8) 27. g4 Nd7 28. Qg3 Rac8 29. f5 Rc6 30. g5 hxg5 31. Bxg5 f6 32.
Bh6+ $1 Kh8 33. fxg6 Ne5 34. Nh4 Nxd3 35. g7+ Kh7 36. Qg6+ Kg8 37. Nf5 Qxe4 38.
Bd2 Qxf5 39. Rxf5 Re2 40. Rh5 1-0

[Event "Mechanics' Fall TNM; G/2"]
[Site "San Francisco"]
[Date "2015.11.03"]
[Round "3.11"]
[White "Newey, Richard H"]
[Black "Stearman, Josiah P"]
[Result "0-1"]
[WhiteElo "1855"]
[BlackElo "2137"]
[Annotator "Donaldson"]
[PlyCount "57"]
[EventDate "2015.??.??"]

1. e4 c5 2. Nf3 Nc6 3. c3 d5 4. exd5 Qxd5 5. b3 $6 (5. d4) 5... Bg4 6. Be2 e5
7. d3 f5 8. O-O Nf6 9. Na3 O-O-O 10. Nc4 e4 11. dxe4 Qxd1 12. Bxd1 Nxe4 13. Bg5
{Diagram [#]} Rxd1 $1 14. Rfxd1 Bxf3 15. gxf3 Nxg5 16. Rd3 b5 17. Nd6+ Bxd6 18.
Rxd6 Nxf3+ 19. Kg2 Nce5 20. Rd5 a6 21. Rxc5+ Kd7 22. Rd1+ Ke6 23. Rcd5 f4 24.
Rd6+ Kf5 25. Rxa6 Nh4+ 26. Kg1 Nhf3+ 27. Kg2 h5 28. h3 g5 29. Rb6 {
and Black went on to win. Remaining moves unavailable.} 0-1

[Event "Mechanics' Summer TNM; G/2"]
[Site "San Francisco"]
[Date "2015.06.30"]
[Round "6.10"]
[White "Newey, Richard H"]
[Black "Steger, Eric Alan"]
[Result "1-0"]
[WhiteElo "1795"]
[BlackElo "2007"]
[PlyCount "103"]
[EventDate "2015.??.??"]

1. e4 e5 2. Nf3 Nc6 3. Nc3 Nf6 4. Bd3 Bb4 5. O-O d6 6. h3 O-O 7. a3 Bxc3 8.
bxc3 Ne7 9. Re1 Ng6 10. Bc4 c6 11. Bb3 Qe7 12. d3 a5 13. Bg5 h6 14. Be3 a4 15.
Ba2 Nh5 16. Kh2 Nhf4 17. Qd2 Kh7 18. d4 Qf6 19. Rad1 Nxh3 20. dxe5 dxe5 21. Qd6
Be6 22. Bxe6 fxe6 23. Kxh3 Rad8 24. Qc7 Rc8 25. Qxb7 Rb8 26. Qxc6 Rbc8 27. Qxa4
Ra8 28. Qb3 Rfb8 29. Qa2 Qe7 30. a4 Rf8 31. Kh2 Qe8 32. a5 Rxf3 33. gxf3 Nh4
34. Kg1 Qg6+ 35. Kf1 Qg2+ 36. Ke2 Qxf3+ 37. Kd2 Qxe4 38. Kc1 Nf3 39. Bd2 Nxe1
40. Rxe1 Qf5 41. Be3 e4 42. a6 Qb5 43. a7 Qc6 44. Qb3 g5 45. Qb4 Kg6 46. Rd1
Kf5 47. Rd6 Qe8 48. Qc5+ Kg4 49. Qe5 Qa4 50. Qxe6+ Kf3 51. Qh3+ Ke2 52. Qg4+
1-0

[Event "Mechanics' Summer TNM; G/2"]
[Site "San Francisco"]
[Date "2015.06.02"]
[Round "2.10"]
[White "Newey, Richard H"]
[Black "Uzzaman, Ashik"]
[Result "0-1"]
[WhiteElo "1795"]
[BlackElo "2027"]
[PlyCount "90"]
[EventDate "2015.??.??"]

1. e4 c5 2. d3 g6 3. c3 Bg7 4. Nf3 Nc6 5. Bf4 d6 6. Qc1 Qb6 7. Na3 Be6 8. Ng5
Bd7 9. Nc4 Qc7 10. Be2 b5 11. Ne3 Nf6 12. Nd5 Nxd5 13. exd5 Ne5 14. Bxe5 Bxe5
15. O-O O-O 16. Qe3 Qb7 17. Bf3 Rac8 18. Rfe1 Rfe8 19. Ne4 Kg7 20. h3 Qb6 21.
Rab1 Rc7 22. Nd2 Bc8 23. c4 Qa5 24. a3 b4 25. Nb3 Qb6 26. Bg4 a5 27. Bxc8 Rexc8
28. Nd2 a4 29. Nf3 Bf6 30. g4 h6 31. h4 Rb7 32. g5 hxg5 33. hxg5 Bd4 34. Nxd4
cxd4 35. Qf4 bxa3 36. bxa3 Qxb1 37. Qxd4+ Kg8 38. Rxb1 Rxb1+ 39. Kg2 Rb3 40. c5
Rxc5 41. Qxa4 Rxd3 42. f4 Rcxd5 43. Qa8+ Kg7 44. Qa6 Rb3 45. a4 Rd4 0-1

[Event "Mechanics' Leighton Allen TNM; G/2"]
[Site "San Francisco"]
[Date "2015.09.08"]
[Round "6.18"]
[White "Newey, Richard H"]
[Black "Yamamoto, Shu"]
[Result "1-0"]
[WhiteElo "1856"]
[BlackElo "1571"]
[PlyCount "101"]
[EventDate "2015.??.??"]

1. e4 e6 2. d4 d5 3. Nd2 dxe4 4. Nxe4 Bd7 5. Nf3 Bc6 6. Bd3 Nd7 7. O-O Ngf6 8.
Qe2 Nxe4 9. Bxe4 Bxe4 10. Qxe4 c6 11. c4 Nf6 12. Qd3 Be7 13. Bf4 O-O 14. Rfe1
Bd6 15. Bg5 Be7 16. Re2 Nh5 17. Qe3 Bxg5 18. Nxg5 Qd7 19. Ne4 Qd8 20. Rd1 Nf6
21. Nc5 b6 22. Nd3 Qc7 23. Ne5 Rad8 24. f4 c5 25. Red2 cxd4 26. Rxd4 Rxd4 27.
Qxd4 h6 28. Qd6 Qxd6 29. Rxd6 Rc8 30. b4 Rc7 31. Rd8+ Kh7 32. Rf8 Nh5 33. Rxf7
Rxf7 34. Nxf7 Nxf4 35. Nd6 Nd3 36. a3 Ne5 37. Kf2 Kg6 38. h3 Kf6 39. Ke3 Ke7
40. c5 bxc5 41. bxc5 Nc6 42. Ke4 g5 43. Nb5 h5 44. Nd4 Kd7 45. Nf3 Ke7 46. Ne5
Nxe5 47. Kxe5 Kd7 48. c6+ Kxc6 49. Kxe6 a5 50. Kf5 h4 51. Kxg5 1-0

[Event "Mechanics' Fall TNM; G/2"]
[Site "San Francisco"]
[Date "2015.11.17"]
[Round "5.30"]
[White "Newey, Richard H"]
[Black "Yamamoto, Shu"]
[Result "1/2-1/2"]
[WhiteElo "1855"]
[BlackElo "1571"]
[PlyCount "60"]
[EventDate "2015.??.??"]

1. e4 c6 2. c4 d5 3. e5 dxc4 4. Bxc4 Nd7 5. e6 fxe6 6. Bxe6 Ndf6 7. Bb3 Bg4 8.
Nf3 Qd3 9. Na3 Qe4+ 10. Qe2 Bxf3 11. gxf3 Qxe2+ 12. Kxe2 e5 13. Nc4 Nd7 14. Re1
O-O-O 15. Kf1 Re8 16. f4 e4 17. f3 Ngf6 18. fxe4 Rxe4 19. Rxe4 Nxe4 20. d3 Nec5
21. Bc2 Be7 22. Kg2 Ne6 23. Be3 Bc5 24. f5 Nd4 25. Bd1 Nxf5 26. Bxc5 Nxc5 27.
Bg4 g6 28. Nd6+ Kc7 29. Nxf5 h5 30. Be2 gxf5 1/2-1/2

[Event "Mechanics' Summer TNM; G/2"]
[Site "San Francisco"]
[Date "2015.06.23"]
[Round "5.12"]
[White "Nyangar, Enkhmaa"]
[Black "Anderson, Michael"]
[Result "0-1"]
[WhiteElo "1708"]
[BlackElo "1991"]
[PlyCount "62"]
[EventDate "2015.??.??"]

1. e4 c5 2. Nf3 e6 3. d4 cxd4 4. Nxd4 a6 5. Bd3 g6 6. O-O Bg7 7. Be3 Nc6 8. c3
Nge7 9. f4 Nxd4 10. cxd4 Qb6 11. Nc3 Bxd4 12. Bxd4 Qxd4+ 13. Kh1 b5 14. Qc2 Qb6
15. f5 Bb7 16. Rae1 gxf5 17. exf5 Rc8 18. fxe6 dxe6 19. Qe2 O-O 20. Ne4 Bxe4
21. Qxe4 Ng6 22. Rf3 Rcd8 23. Rg3 Qd4 24. Qe2 Rd5 25. Qd2 Rfd8 26. Re4 Qxe4 27.
Bxe4 Rxd2 28. h4 R8d4 29. Bb7 Rd1+ 30. Kh2 Rxh4+ 31. Rh3 Rxh3+ 0-1

[Event "Mechanics' Summer TNM; G/2"]
[Site "San Francisco"]
[Date "2015.07.07"]
[Round "7.26"]
[White "Nyangar, Enkhmaa"]
[Black "Furukawa, Jon"]
[Result "0-1"]
[WhiteElo "1708"]
[BlackElo "1603"]
[PlyCount "62"]
[EventDate "2015.??.??"]

1. e4 e5 2. Nf3 Nc6 3. d4 exd4 4. Nxd4 Bc5 5. Nb3 Bb6 6. Nc3 Nf6 7. Bf4 O-O 8.
Qd2 Re8 9. f3 d6 10. O-O-O Be6 11. Kb1 a5 12. Nd5 a4 13. Nc1 Ba5 14. Qe3 Bxd5
15. e5 Nxe5 16. Bg5 Ned7 17. Qd4 Be6 18. Bd3 h6 19. Bh4 Ne5 20. Be4 Ng6 21.
Bxb7 Nxh4 22. Qxh4 Rb8 23. Bc6 Bd7 24. Bxa4 Rb4 25. Rd4 Rxd4 26. Qxd4 Bxa4 27.
Qxa4 c5 28. Rd1 Bc7 29. Nd3 Qa8 30. Qc4 Nd5 31. a3 Ne3 0-1

[Event "Mechanics' Summer TNM; G/2"]
[Site "San Francisco"]
[Date "2015.06.02"]
[Round "2.27"]
[White "Nyangar, Enkhmaa"]
[Black "Harris, Clarence"]
[Result "1-0"]
[WhiteElo "1708"]
[BlackElo "1531"]
[Annotator "Donaldson"]
[PlyCount "93"]
[EventDate "2015.??.??"]

1. e4 e5 2. Nf3 Nc6 3. d4 exd4 4. Nxd4 Qh4 5. Nc3 Bb4 6. Qd3 Nf6 7. Be3 Nxd4 (
7... Qxe4) 8. Bxd4 d6 9. O-O-O O-O 10. f3 Bxc3 11. Qxc3 Qg5+ 12. Kb1 Nd7 13. h4
Qe7 14. Bxg7 Re8 15. Bc4 Ne5 16. Bh6 Qf6 17. Bg5 Qg6 18. Bb3 Be6 19. Bxe6 Qxe6
20. f4 Ng4 21. Rhe1 h6 22. f5 Qe5 23. Qxe5 dxe5 24. Bc1 Rad8 25. b3 Rxd1 26.
Rxd1 Nf2 27. Rd7 Nxe4 28. Rxc7 h5 29. Be3 f6 30. Bxa7 Ng3 31. Rxb7 Nxf5 32. Bf2
e4 33. a4 e3 34. Be1 e2 35. Rd7 Ne3 36. g3 Ng2 37. Bc3 e1=Q+ 38. Bxe1 Nxe1 39.
a5 Nf3 40. a6 Ra8 41. a7 Ne5 {Diagram [#]} 42. Rc7 $1 (42. Rb7 Nc6) 42... Nf7
43. Rb7 Kg7 44. c4 Kg6 45. c5 $2 (45. b4 $1) 45... Ne5 $1 46. Rc7 Kf5 $2 (46...
Nf3 47. b4 Nd4) 47. b4 1-0

[Event "Mechanics' Winter TNM; 30/90, SD/30"]
[Site "San Francisco"]
[Date "2015.02.03"]
[Round "5.21"]
[White "Nyangar, Enkhmaa"]
[Black "Royzen, Igor"]
[Result "0-1"]
[WhiteElo "1663"]
[BlackElo "1874"]
[Annotator "Donaldson"]
[PlyCount "62"]
[EventDate "2015.??.??"]

1. e4 c5 2. Nf3 Nc6 3. Nc3 g6 4. d4 cxd4 5. Nxd4 Bg7 6. Nb3 Bxc3+ 7. bxc3 Nf6
8. Bb2 $2 (8. Bd3) 8... Nxe4 9. Bd3 Nf6 10. c4 O-O 11. O-O d5 12. cxd5 Qxd5 13.
c4 Qd6 14. Qc2 $2 Nb4 15. Qc3 Nxd3 16. Rad1 Bf5 17. Nc1 (17. g4 Qf4 18. gxf5
Qg4+ 19. Kh1 Nxf2+) 17... Nxc1 $1 18. Bxc1 Qc7 19. Rd4 Rfd8 20. Rh4 Rd3 21. Qb4
Rad8 22. Bf4 Qd7 23. h3 Rd4 24. Re1 Nd5 25. Qa3 Rxf4 26. Rh6 Rxc4 27. Qb3 Qc6
28. Re5 Rc1+ 29. Kh2 Qd6 30. f4 Nxf4 31. Qe3 Nd3 0-1

[Event "Mechanics' Winter TNM; 30/90, SD/30"]
[Site "San Francisco"]
[Date "2015.01.06"]
[Round "1.6"]
[White "Nyangar, Enkhmaa"]
[Black "Vickers, Keith"]
[Result "0-1"]
[WhiteElo "1663"]
[BlackElo "2200"]
[PlyCount "74"]
[EventDate "2015.??.??"]

1. e4 d5 2. e5 c5 3. f4 Nc6 4. Nf3 Bf5 5. c3 e6 6. d4 Rc8 7. Be2 Qb6 8. b3 cxd4
9. cxd4 Nb4 10. Na3 Nc2+ 11. Kf2 Nxa3 12. Bb2 Bb4 13. Rc1 Rc6 14. Rxc6 Qxc6 15.
Bxa3 Bxa3 16. Qd2 Qb6 17. h3 Ne7 18. g4 Be4 19. Rg1 Bxf3 20. Kxf3 O-O 21. Bd3
Rc8 22. f5 Qb4 23. Qf4 Qc3 24. Rd1 Bc1 25. Qg3 Qxd4 26. Kg2 Bf4 27. Qh4 g5 28.
Qh6 exf5 29. Bxf5 Qb2+ 30. Kf1 Nxf5 31. gxf5 Rc2 32. Qh5 Qxe5 33. Re1 Qxf5 34.
Qf3 Kg7 35. h4 Qf6 36. hxg5 Bxg5 37. Qxf6+ Bxf6 0-1

[Event "Mechanics' Leighton Allen TNM; G/2"]
[Site "San Francisco"]
[Date "2015.08.25"]
[Round "4.11"]
[White "Ochoa, Jason"]
[Black "Alvarez, Gil"]
[Result "1/2-1/2"]
[WhiteElo "1952"]
[BlackElo "2003"]
[PlyCount "104"]
[EventDate "2015.??.??"]

1. c4 c6 2. g3 d5 3. Bg2 Nf6 4. Nf3 Bg4 5. Qb3 Qb6 6. Qxb6 axb6 7. d3 e6 8. O-O
Nbd7 9. Nc3 Bb4 10. cxd5 exd5 11. a3 O-O 12. Be3 Bxc3 13. bxc3 Ra4 14. h3 Be6
15. Nd4 Rfa8 16. f4 Nc5 17. f5 Bd7 18. Nc2 Re8 19. Rf3 Bc8 20. Rb1 Nfd7 21. Rf2
Ra6 22. g4 Na4 23. Bd2 b5 24. Rbf1 f6 25. e4 dxe4 26. Bxe4 Ne5 27. g5 fxg5 28.
Kh2 c5 29. Bd5+ Kf8 30. f6 Be6 31. fxg7+ Kxg7 32. Bxe6 Raxe6 33. Bxg5 Nxd3 34.
Bf6+ Kf7 35. Rf3 Re2+ 36. Kh1 Rxc2 37. Bh4+ Ke6 38. Rxd3 Re2 39. Rf6+ Ke5 40.
Rff3 Rg8 41. Bf2 Ke4 42. Rde3+ Rxe3 43. Rxe3+ Kd5 44. Re7 Nxc3 45. Rxh7 Ra8 46.
Rh5+ Ke4 47. Bxc5 Nb1 48. Kg2 Nxa3 49. Bxa3 Rxa3 50. Rxb5 Kf4 51. Rb4+ Kg5 52.
Rxb7 Ra2+ 1/2-1/2

[Event "Mechanics' Leighton Allen TNM; G/2"]
[Site "San Francisco"]
[Date "2015.09.08"]
[Round "6.11"]
[White "Ochoa, Jason"]
[Black "Lagrotta, Daniel S"]
[Result "0-1"]
[WhiteElo "1952"]
[BlackElo "1665"]
[PlyCount "64"]
[EventDate "2015.??.??"]

1. c4 Nf6 2. g3 c5 3. Bg2 Nc6 4. Nf3 g6 5. Nc3 Bg7 6. e4 d6 7. h3 a6 8. a4 Nb4
9. d3 Rb8 10. O-O O-O 11. Bf4 Nh5 12. Be3 Be6 13. Qd2 Qc8 14. Ng5 Bd7 15. Kh2
h6 16. Nf3 Kh7 17. b3 f5 18. Rad1 e5 19. Nh4 $4 {Diagram #} f4 $1 20. Nd5 Nxd5
21. exd5 fxe3 22. Qxe3 g5 23. Be4+ Kg8 24. Ng6 Rf7 25. h4 g4 26. f4 gxf3 27.
Bxf3 Bg4 28. Be4 Bxd1 29. Rxf7 Kxf7 30. Qf2+ Nf6 31. Bf5 Qc7 32. Be6+ Ke8 0-1

[Event "Mechanics' Winter TNM; 30/90, SD/30"]
[Site "San Francisco"]
[Date "2015.02.17"]
[Round "7.49"]
[White "Olson, David"]
[Black "Bayaraa, Bilguun"]
[Result "1-0"]
[WhiteElo "1400"]
[BlackElo "644"]
[PlyCount "41"]
[EventDate "2015.??.??"]

1. Nf3 d5 2. g3 Nc6 3. Bg2 Nf6 4. d4 Bg4 5. Nc3 e6 6. h3 Bxf3 7. exf3 Bd6 8.
O-O O-O 9. Re1 Qd7 10. Bg5 Nh5 11. Ne2 Rae8 12. c3 e5 13. dxe5 Bxe5 14. f4 Bd6
15. g4 Nxf4 16. Bxf4 Be7 17. Qxd5 Qxd5 18. Bxd5 Bc5 19. Bxc7 Rc8 20. Bg3 Ne7
21. Bxb7 1-0

[Event "Mechanics' Spring TNM; G/2"]
[Site "San Francisco"]
[Date "2015.05.05"]
[Round "8.36"]
[White "Olson, David"]
[Black "Casares Jr, Nick"]
[Result "0-1"]
[WhiteElo "1426"]
[BlackElo "1600"]
[PlyCount "48"]
[EventDate "2015.??.??"]

1. Nf3 d5 2. g3 Bf5 3. Bg2 Nf6 4. d3 Nbd7 5. Nbd2 e5 6. O-O Bc5 7. h3 h6 8. Kh2
O-O 9. e3 Re8 10. Re1 Bb6 11. b4 c5 12. b5 a6 13. bxa6 Rxa6 14. Nh4 Bh7 15. Bb2
Bc7 16. c4 d4 17. Nb3 e4 18. dxe4 Bxe4 19. exd4 Bxg2 20. Rxe8+ Qxe8 21. Nxg2
Re6 22. d5 Re2 23. Bxf6 Nxf6 24. Nxc5 Rxf2 {
Black went on to win this unclear position. Remaining moves unavailable.} 0-1

[Event "Mechanics' Fall TNM; G/2"]
[Site "San Francisco"]
[Date "2015.12.01"]
[Round "7.41"]
[White "Olson, David"]
[Black "Erdenebileg, Erkhe"]
[Result "1-0"]
[WhiteElo "1400"]
[BlackElo "1125"]
[PlyCount "49"]
[EventDate "2015.??.??"]

1. Nf3 d5 2. g3 Nc6 3. Bg2 Nf6 4. e3 g6 5. O-O Bg7 6. d4 e6 7. Ne5 Nxe5 8. dxe5
Nd7 9. f4 c6 10. b4 O-O 11. Bb2 Nb6 12. Nd2 Qe7 13. a4 Re8 14. c3 Nd7 15. Ba3
f6 16. exf6 Nxf6 17. b5 Qf7 18. bxc6 bxc6 19. Rb1 Ng4 $2 20. Qxg4 Bxc3 21. Nf3
e5 22. Qh4 e4 23. Ne5 Bxe5 24. fxe5 Bf5 25. g4 {and White won shortly.} 1-0

[Event "Mechanics' Winter TNM; 30/90, SD/30"]
[Site "San Francisco"]
[Date "2015.01.27"]
[Round "4.47"]
[White "Olson, David"]
[Black "Frank, Robert"]
[Result "0-1"]
[WhiteElo "1400"]
[BlackElo "1296"]
[PlyCount "43"]
[EventDate "2015.??.??"]

1. Nf3 Nf6 2. c4 c5 3. g3 e6 4. Bg2 Be7 5. O-O Nc6 6. Nc3 d5 7. d3 d4 8. Ne4
O-O 9. Neg5 h6 10. Nh3 e5 11. e4 dxe3 12. Bxe3 Ng4 13. Bd2 Qxd3 14. Re1 Qxc4
15. Bf1 Qe6 16. Rc1 Rd8 17. Bc4 Qg6 18. Qb3 e4 19. Nf4 Qf5 20. Nh4 Bxh4 21.
gxh4 Rxd2 22. Nd5 0-1

[Event "Mechanics' Spring TNM; G/2"]
[Site "San Francisco"]
[Date "2015.04.14"]
[Round "5.44"]
[White "Olson, David"]
[Black "Henriques, Keith"]
[Result "1-0"]
[WhiteElo "1426"]
[BlackElo "144"]
[PlyCount "47"]
[EventDate "2015.??.??"]

1. c4 e5 2. g3 Nc6 3. Bg2 d6 4. d3 Bf5 5. Nc3 Nf6 6. Bg5 h6 7. Bd2 Qd7 8. Nd5
Nxd5 9. cxd5 Ne7 10. e4 Bg6 11. Bh3 f5 12. g4 Qd8 13. gxf5 c6 14. fxg6 Nxg6 15.
Qg4 Ne7 16. Qe6 Qd7 17. Qxd7+ Kf7 18. Nf3 g6 19. Qxb7 Re8 20. dxc6 h5 21. Ng5+
Kg7 22. c7 Kg8 23. c8=Q Rxc8 24. Bxc8 1-0

[Event "Mechanics' Winter TNM; 30/90, SD/30"]
[Site "San Francisco"]
[Date "2015.01.13"]
[Round "2.37"]
[White "Olson, David"]
[Black "Ho, Steve"]
[Result "0-1"]
[WhiteElo "1400"]
[BlackElo "1636"]
[PlyCount "62"]
[EventDate "2015.??.??"]

1. Nf3 b5 2. g3 Bb7 3. Bg2 c5 4. O-O Nf6 5. d3 d5 6. Re1 e6 7. Bg5 Be7 8. Nbd2
O-O 9. Ne5 h6 10. Bxf6 Bxf6 11. Ng4 Nd7 12. e4 dxe4 13. Nxe4 Bd5 14. c3 Be7 15.
f4 f5 16. Nxh6+ gxh6 17. Nf2 Nf6 18. Qe2 Kf7 19. c4 bxc4 20. dxc4 Be4 21. Rad1
Qb6 22. Nxe4 fxe4 23. g4 Rg8 24. h3 Rad8 25. Rc1 Rd4 26. b3 Qd6 27. Rc2 Qxf4
28. Rf1 Qe5 29. Qe3 Bd6 30. Qxh6 Qh2+ 31. Kf2 Bg3+ 0-1

[Event "Mechanics' Spring TNM; G/2"]
[Site "San Francisco"]
[Date "2015.03.17"]
[Round "1.21"]
[White "Olson, David"]
[Black "Poling, Scott"]
[Result "0-1"]
[WhiteElo "1426"]
[BlackElo "1895"]
[PlyCount "66"]
[EventDate "2015.??.??"]

1. Nf3 d5 2. d4 Nf6 3. g3 e6 4. Bg2 c5 5. Ne5 Nc6 6. Bg5 h6 7. Be3 Qb6 8. Nxc6
bxc6 9. b3 cxd4 10. Bxd4 c5 11. Be5 Bd6 12. Bb2 O-O 13. Bxf6 gxf6 14. Qd2 Kg7
15. O-O Bb7 16. Nc3 Rh8 17. Rad1 Be5 18. e3 Qb4 19. Na4 Qxd2 20. Rxd2 Rac8 21.
f4 Bb8 22. Rfd1 c4 23. b4 Bd6 24. a3 Bc6 25. Nc3 f5 26. e4 fxe4 27. Nxe4 Bc7
28. c3 dxe4 29. Kf1 Rhd8 30. Rd4 Bb6 31. Rd6 Bd5 32. Rxd8 Rxd8 33. a4 e3 0-1

[Event "Mechanics' Winter TNM; 30/90, SD/30"]
[Site "San Francisco"]
[Date "2015.02.24"]
[Round "8.48"]
[White "Olson, David"]
[Black "Ren, Ling Feng"]
[Result "0-1"]
[WhiteElo "1400"]
[BlackElo "823"]
[PlyCount "44"]
[EventDate "2015.??.??"]

1. Nf3 Nc6 2. c4 e5 3. Nc3 Nf6 4. d3 d5 5. cxd5 Nxd5 6. g3 Bb4 7. Bd2 Nxc3 8.
bxc3 Bc5 9. Bg2 Bg4 10. O-O Qd6 11. Rb1 O-O-O 12. Qb3 Bb6 13. Ng5 Be6 14. Qb5
a6 15. Qa4 f6 16. Ne4 Qd7 17. Rb2 Bg4 18. e3 Qxd3 19. Nc5 Qf5 20. Rfb1 Rxd2 21.
Nxa6 Qxf2+ 22. Kh1 Qxg2# 0-1

[Event "Mechanics' Fall TNM; G/2"]
[Site "San Francisco"]
[Date "2015.11.10"]
[Round "4.40"]
[White "Olson, David R"]
[Black "Baterdene, Jonatha"]
[Result "1-0"]
[WhiteElo "1400"]
[BlackElo "629"]
[PlyCount "81"]
[EventDate "2015.??.??"]

1. Nf3 d5 2. d4 Nf6 3. g3 Bf5 4. Nc3 Nc6 5. a3 e6 6. Nh4 Be4 7. f3 Bxc2 8. Qxc2
Nxd4 9. Qa4+ c6 10. Qxd4 b6 11. Bg2 Bc5 12. Qd3 b5 13. Nxb5 cxb5 14. Qxb5+ Nd7
15. b4 Rb8 16. Qd3 Ne5 17. Qd1 Bb6 18. Bf4 Qc8 19. Rc1 Qa6 20. Bxe5 Rd8 21.
Bxg7 Rg8 22. Bf6 Rd6 23. Qc2 Kd7 24. Qd3 Qxd3 25. exd3 e5 26. Bxe5 Re6 27. d4
Bxd4 28. Bh3 Rge8 29. f4 Kd8 30. Bxe6 Rxe6 31. Kd2 Bb2 32. Rc7 Bxe5 33. Rxa7
Bd4 34. Rxf7 Be3+ 35. Kd3 Bf2 36. Rxh7 Re3+ 37. Kd2 Re4 38. Nf5 d4 39. Rf1 Be3+
40. Nxe3 dxe3+ 41. Ke2 1-0

[Event "Mechanics' Summer TNM; G/2"]
[Site "San Francisco"]
[Date "2015.06.02"]
[Round "2.36"]
[White "Olson, David R"]
[Black "Chan, John"]
[Result "0-1"]
[WhiteElo "1400"]
[BlackElo "1552"]
[PlyCount "116"]
[EventDate "2015.??.??"]

1. c4 Nf6 2. Nf3 c6 3. g3 d6 4. Bg2 e5 5. d3 h6 6. O-O Be6 7. Nbd2 Be7 8. b4
Nbd7 9. a4 O-O 10. Bb2 Rb8 11. Rb1 a6 12. h3 Nh5 13. Kh2 f5 14. d4 e4 15. Ng1
d5 16. c5 Qe8 17. e3 Qg6 18. Ne2 Ndf6 19. f4 Kh7 20. Rg1 Qf7 21. Bh1 g5 22.
fxg5 hxg5 23. a5 Rh8 24. Nc3 Kg6 25. Nf1 Qh7 26. Bg2 Ng7 27. Rh1 Bd8 28. Kg1
Bc7 29. Qe1 Kf7 30. Kf2 Ke7 31. Ke2 Rbf8 32. Qf2 f4 33. gxf4 gxf4 34. exf4 Nf5
35. Kd1 Rhg8 36. Rh2 Qh5+ 37. Kc2 Qh6 38. Bc1 Qg6 39. Ne3 Nxd4+ 40. Kb2 Nf5 41.
Nxf5+ Bxf5 42. Be3 Qh5 43. Bf1 Qh6 44. Be2 Qg6 45. Rg1 Qh6 46. Rg5 Ke6 47. Bg4
Nh7 48. Rxg8 Rxg8 49. Bxf5+ Kxf5 50. h4 Qh5 51. Qe2 Rg4 52. Bd2 Bxf4 53. Rf2
Qxh4 54. Be3 Ng5 55. Qd2 Nf3 56. Bxf4 Rxf4 57. Qe3 d4 58. Qe1 dxc3+ 0-1